000 00470nam a2200181Ia 4500
003 GCL
008 140319s9999 xx 000 0 eng d
040 _aGCL /
_cGCL
082 0 4 _a600
_bG D
100 1 _aGARRATT, JAMES
245 1 0 _aDESIGN AND TECHNOLOGY /
_cGARRATT, JAMES
260 _a[S.N] :
_bCAMBRIBGE UNIVERSITY PRESS ،
_c1995
300 _a318\P
650 0 4 _aالتحليل الرياضى
650 0 4 _aDESIGN
650 0 4 _aTECHNOLOGY
942 _2ddc
_cBK
999 _c20105
_d20105